| 000 | 00838cab a2200265 4500 | ||
|---|---|---|---|
| 001 | ABS51206 | ||
| 008 | 090401t1994 xxu||||| |||| 00| 0 eng d | ||
| 035 | _a(Sirsi) u14865 | ||
| 041 | _aeng | ||
| 100 | _aStewart, A. | ||
| 245 | _aDouble trouble | ||
| 260 | _c1994 | ||
| 350 | _a0 | ||
| 490 |
_aBuilding Market Report _vAugust 1994, 6-7(2) |
||
| 520 | _aDiscusses the findings of `Controlling the upwards spiral: construction performance and cost in Britain and mainland Europe` produced by the Business Round Table. | ||
| 650 | _aBUILT ENVIRONMENT-BUILDING CONTRACT FORMS | ||
| 650 | _aBUILT ENVIRONMENT-BUILDING COSTS | ||
| 650 | _aEUROPE | ||
| 650 | _aOVER-SPECIFICATION | ||
| 650 | _aSITE SUPERVISION | ||
| 650 | _aUNITED KINGDOM | ||
| 690 | _aBUILT ENVIRONMENT-BUILDING COSTS | ||
| 942 | _n0 | ||
| 948 | _c04/03/1997 | ||
| 999 |
_c9702 _d9702 |
||